000 01287nam a2200253Ia 4500
999 _c53580
_d53580
001 20626
003 GE_BSU
005 20210227194252.0
008 181216s2013||||ge |||||||||||||| ||geo||
040 _cGE_BSU
041 _ageo
080 _a1(38)(09)(075.8) კ-87
100 _aკუკავა, თამარ
_910261
245 _aბერძნული ფილოსოფიის ისტორია : წ. 1 :
_bდამხმ. სახელმძღვ. უმაღლ. სასწ. სტუდენტებისათვის /
_cთამარ კუკავა ; რედ. ნ. მიქაძე.
250 _aმეორე გამოცემა
264 _aთბილისი :
_bგანათლება,
_c1988.
300 _a424 გვ. ;
_c21 სმ.
653 _aბერძნული ფილოსოფიის ისტორია
653 _a სახელმძღვანელოები უმაღლესი სასწავლებლებისათვის
653 _aბერძნული ფილოსოფიის ისტორია
653 _aფილოსოფია
700 _aმიქაძე, ნ.
_eრედაქტორი
_910262
942 _cBK
_2udc